MARC details
| 000 -CABECERA |
| campo de control de longitud fija |
01192nam a2200301 a 4500 |
| 001 - NÚMERO DE CONTROL |
| campo de control |
000045644 |
| 005 - FECHA Y HORA DE LA ÚLTIMA TRANSACCIÓN |
| campo de control |
20201002052349.0 |
| 008 - DATOS DE LONGITUD FIJA--INFORMACIÓN GENERAL |
| campo de control de longitud fija |
150421s1981 dr a 000 0 spa d |
| 040 ## - FUENTE DE LA CATALOGACIÓN |
| Centro catalogador/agencia de origen |
DO-SdBNP |
| Lengua de catalogación |
spa |
| Centro/agencia transcriptor |
BNPHU |
| 082 ## - NÚMERO DE LA CLASIFICACIÓN DECIMAL DEWEY |
| Número de clasificación |
xxxx |
| Número de documento/Ítem |
xxxx |
| 245 00 - MENCIÓN DE TÍTULO |
| Título |
Experiencias didacticas / |
| Mención de responsabilidad, etc. |
Yolanda Fernández de Perdomo... [et. al]. |
| 250 ## - MENCIÓN DE EDICIÓN |
| Mención de edición |
2da ed. |
| 260 ## - PUBLICACIÓN, DISTRIBUCIÓN, ETC. |
| Lugar de publicación, distribución, etc. |
Santo Domingo : |
| Nombre del editor, distribuidor, etc. |
Universidad Autónoma de Santo Domingo, |
| Fecha de publicación, distribución, etc. |
1981. |
| 300 ## - DESCRIPCIÓN FÍSICA |
| Extensión |
524 p. : |
| Otras características físicas |
il. ; |
| Dimensiones |
21 cm. |
| 490 1# - MENCIÓN DE SERIE |
| Mención de serie |
Educación y sociedad |
| Designación de volumen o secuencia |
3 |
| 490 1# - MENCIÓN DE SERIE |
| Mención de serie |
Publicaciones de la Universidad Autónoma de Santo Domingo |
| Designación de volumen o secuencia |
235 |
| 504 ## - NOTA DE BIBLIOGRAFÍA, ETC. |
| Nota de bibliografía, etc. |
Bibliografía : p. 519-524 |
| 586 ## - NOTA DE PREMIOS |
| Nota de premios |
Premio Nacional de Didáctica, 1977 |
| 590 ## - NOTA LOCAL (RLIN) |
| Nota local |
Perteneció a la biblioteca personal de Erick Lendestoy. |
| 500 ## - NOTA GENERAL |
| Nota general |
Incluye datos biográficos de las autoras |
| 700 12 - PUNTO DE ACCESO ADICIONAL--NOMBRE DE PERSONA |
| Nombre de persona |
Fernández de Perdomo, Yolanda. |
| 9 (RLIN) |
36686 |
| 700 12 - PUNTO DE ACCESO ADICIONAL--NOMBRE DE PERSONA |
| Nombre de persona |
Nivar De Fernández, Nora |
| 9 (RLIN) |
36693 |
| 700 12 - PUNTO DE ACCESO ADICIONAL--NOMBRE DE PERSONA |
| Nombre de persona |
Pereyra de Torres, Ana Teresa |
| 9 (RLIN) |
36694 |
| 700 12 - PUNTO DE ACCESO ADICIONAL--NOMBRE DE PERSONA |
| Nombre de persona |
Aybar de Cruz, Consuelo |
| 9 (RLIN) |
36689 |
| 700 12 - PUNTO DE ACCESO ADICIONAL--NOMBRE DE PERSONA |
| Nombre de persona |
Díaz de Pérez, Cristina |
| 9 (RLIN) |
36695 |
| 830 #0 - PUNTO DE ACCESO ADICIONAL DE SERIE-TÍTULO UNIFORME |
| Título uniforme |
Publicaciones de la Universidad Autónoma de Santo Domingo ; |
| Número de parte o sección de la obra |
235 |
| 9 (RLIN) |
36691 |
| 830 #0 - PUNTO DE ACCESO ADICIONAL DE SERIE-TÍTULO UNIFORME |
| Título uniforme |
Educación y sociedad ; |
| Número de parte o sección de la obra |
3 |
| 9 (RLIN) |
36692 |